000 00781nam0a22002651 4500
001 rc\4948090
005 20130426162523.0
021 _aRU
_b[66-29264]
035 _a(NLR Aleph) 008951463
090 _a9006112
_c9006112
100 _a20130426d1966 |||y0rusy50 ca
101 0 _arus
102 _aRU
105 _aa z |||c|
200 1 _aСолнце - на-гора
_e[Очерки]
210 _aМосква
_cСов. Россия
_d1966
215 _a135 с., 8 л. ил.
_d20
300 _aНа обороте тит. л. сост.: В.А. Шумнов
606 _aШахтеры СССР
_jОчерки
_2psbo
702 1 _aШумнов
_bВ. А.
_4220
801 0 _aRU
_bNLR
_gpsbo
801 1 _aRU
_bELAR
_2rusmarc
852 _aNLR
_j66-3/2492
942 _cBOOK
980 _aNB